|
|
|
|
| LEADER |
00000nam a2200000 a 4500 |
| 001 |
vtls001360177 |
| 003 |
SK-MaSNL |
| 005 |
20260301010639.0 |
| 008 |
240314s1997 xr g 00000 cze |
| 020 |
|
|
|a 8071843571
|q (brož.)
|
| 035 |
|
|
|a SNK000313728
|
| 040 |
|
|
|a SNK
|b slo
|c SNK
|e AACR2
|
| 041 |
0 |
|
|a cze
|
| 044 |
|
|
|a xr
|c CZ
|
| 072 |
|
7 |
|a 27-4
|x Praktická teológia. Morálna teológia
|2 konspekt
|
| 080 |
|
|
|a 27-42
|2 2001
|
| 080 |
|
|
|a (075)
|2 2001
|
| 100 |
1 |
|
|a Skoblík, Jiří,
|d 1932-2020
|4 aut
|9 9722
|
| 245 |
1 |
0 |
|a Přehled křesťanské etiky
|c Jiří Skoblík
|
| 250 |
|
|
|a 1. vyd.
|
| 260 |
|
|
|a Praha
|b Karolinum
|c 1997
|
| 300 |
|
|
|a 319 s.
|c 21 cm
|
| 650 |
0 |
7 |
|a kresťanská etika
|2 SNKPH
|9 30117
|
| 650 |
0 |
7 |
|a morálna teológia
|2 SNKPH
|9 881
|
| 655 |
|
7 |
|a učebnice
|2 SNKPH
|9 22521
|
| 919 |
|
|
|a 80-7184-357-1
|
| 999 |
|
|
|c 548720
|d 550650
|
| 952 |
|
|
|t snkSKO 23/28
|a SNKUST
|b SNKUST
|y PREZ
|7 0
|p 17A0160664
|o snkIC 139856
|i snk2011/24454
|8 5
|0 0
|1 0
|4 0
|d 1999-04-14
|l 0
|r 2025-03-19 00:00:00
|w 2026-02-23
|